Long-range forecasting from crystal ball to computer

Uložené v:
Podrobná bibliografia
Hlavný autor: Armstrong, J. Scott
Médium: Kniha
Jazyk:English
Vydavateľské údaje: Chichester Wiley 1978
Tagy: Pridať tag
Žiadne tagy, Buďte prvý, kto otaguje tento záznam!

MARC

LEADER 00000nam a2200000 4500
001 0214974
005 20240109105204.0
041 0 |a eng 
044 |a GB 
245 1 0 |a Long-range forecasting  |b from crystal ball to computer  |c J. Scott Armstrong 
264 1 |a Chichester  |b Wiley  |c 1978 
300 |a 612 s. 
100 1 |a Armstrong, J. Scott